| 000 | 01385nam a2200349 a 4500 | ||
|---|---|---|---|
| 001 | |||
| 003 | |||
| 005 | 20220302100558.0 | ||
| 008 | 140324s2011 dr r 000 j spa d | ||
| 020 | _a9789945412512 | ||
| 040 |
_aBPMSU _bspa _cBPMSU |
||
| 082 |
_aRD863.5 _bV297p 2010 _222 |
||
| 111 | 2 |
_aPremio de Cuento de Juan Bosch _d(2010 : _cSanto Domingo) |
|
| 245 | 1 | 0 |
_aEl intercambio, Hierofante, En la mira / _cFanny Vargas Bautista, Rubén Sánchez |
| 246 | 1 | 3 | _a Hierofante |
| 250 | _a4a. ed. | ||
| 260 |
_aSanto Domingo : _bFUNGLODE, _c2011 |
||
| 300 |
_a64 p. ; _c26 cm. |
||
| 490 | 0 | _aPremios Funglode/GFDD 2010 Cuento | |
| 500 | _aIncluye datos biográficos de la autora en la contracubierta | ||
| 505 | 0 |
_aPrimer lugar : El intercambio -- Segundo lugar : Hierofante -- Tercer lugar : En la mira. _r |
|
| 586 | _aPremios FUNGLODE /GFDD 2010 Cuento | ||
| 590 | _aInventariado, 2021/VM | ||
| 650 | 4 | _aCuentos dominicanos | |
| 650 | 4 | _aLiteratura dominicana. | |
| 650 | 4 | _aPremios literarios | |
| 650 | 4 | _aCertámenes literarios | |
| 700 | 1 |
_aSánchez Rubén _tEn la mira |
|
| 710 | 2 | _aFundación Global Democracía y Desarrollo (República Dominicana) | |
| 910 | _aVMateo | ||
| 942 |
_2ddc _cBK |
||
| 999 |
_c13567 _d13567 |
||